Open Data Biblioteca Nacional de Portugal


República Portuguesa: Ministério da Cultura
Biblioteca Nacional de Portugal

Catálogo da BNP: acesso por Identificadores Unívocos
Registos Bibliográficos associados ao registo de autoridade

Etiqueta de registo: 00254nam 2200025 450
001 2215671
003 http://id.bnportugal.gov.pt/bib/catbnp/2215671
100 ## $a20250526d1953 m y0pory01030103ba
101 0# $aeng
102 ## $aUS
106 ## $ar
200 1# $aSubstance and function and Einstein's theory of relativity
210 #9 $a[S.l.]$cDover Publications,$dcop. 1953
215 ## $aXII, 465, [16] p.$d21 cm
317 ## $aBiblioteca particular de Vítor Ferreira de Jesus$5PTBN: S.A. 193570 V.
517 1# $aSubstance and function & Einstein's theory of relativity
675 ## $a117$vBN$zpor$3403138
675 ## $a111.3$vBN$zpor$3403022
700 #1 $aCassirer,$bErnst,$f1874-1945$381022
702 #1 $aSwabey,$bWillians Curtis,$f1894–1979$4730$31956302
702 #1 $aSwabey$bMarie Collins,$f1880-1966$4730$31956303
801 #0 $aPT$bBN$gRPC
966 ## $lBN$mFGMON$pBiblioteca de Vítor Ferreira de Jesus$sS.A. 193570 V.$x3
971 ## $cabrito$d20250526
972 ## $e0$z0$d20260421$vlrevez
973 ## $cigoulao$d20260410

OpendataBNP@bnportugal.pt | Mais informação sobre acesso aos dados BNP